<?xml version="1.0" encoding="UTF-8"?>
<record
    xmlns:xsi="http://www.w3.org/2001/XMLSchema-instance"
    xsi:schemaLocation="http://www.loc.gov/MARC21/slim http://www.loc.gov/standards/marcxml/schema/MARC21slim.xsd"
    xmlns="http://www.loc.gov/MARC21/slim">

  <leader>01402cam a22003377a 4500</leader>
  <controlfield tag="003">OSt</controlfield>
  <controlfield tag="005">20171019164526.0</controlfield>
  <controlfield tag="008">171019s2015    spcao        o0|0 0dcat|d</controlfield>
  <datafield tag="017" ind1=" " ind2=" ">
    <subfield code="a">DL B 13702-2015</subfield>
    <subfield code="b">Biblioteca de Catalunya</subfield>
  </datafield>
  <datafield tag="020" ind1=" " ind2=" ">
    <subfield code="a">9788498506976 (o.c.)</subfield>
  </datafield>
  <datafield tag="020" ind1=" " ind2=" ">
    <subfield code="a">9788498506990 (Ofici)</subfield>
  </datafield>
  <datafield tag="020" ind1=" " ind2=" ">
    <subfield code="a">9788498506983 (Kiosk)</subfield>
  </datafield>
  <datafield tag="040" ind1=" " ind2=" ">
    <subfield code="a">ES-BaCBU</subfield>
    <subfield code="b">cat</subfield>
    <subfield code="c">CDMR</subfield>
  </datafield>
  <datafield tag="245" ind1="0" ind2="0">
    <subfield code="a">Rep&#xF2;rters gr&#xE0;fics </subfield>
    <subfield code="b">: Barcelona 1900-1939 /</subfield>
    <subfield code="c">[textos:] Pablo Gonz&#xE1;lez Morandi, Andr&#xE9;s Antebi Arn&#xF3;, Teresa Ferr&#xE9; Panisello ; [edici&#xF3; fotogr&#xE0;fica:] Roger Adam Bernad</subfield>
  </datafield>
  <datafield tag="260" ind1=" " ind2=" ">
    <subfield code="a">Barcelona :</subfield>
    <subfield code="b">Ajuntament de Barcelona ;</subfield>
    <subfield code="a">[Sant Cugat del Vall&#xE8;s] :</subfield>
    <subfield code="b">Arxiu Nacional de Catalunya,</subfield>
    <subfield code="c">DL 2015</subfield>
  </datafield>
  <datafield tag="300" ind1=" " ind2=" ">
    <subfield code="a">2 v. (167, 280 p.) :</subfield>
    <subfield code="b">il. ;</subfield>
    <subfield code="c">27 cm</subfield>
  </datafield>
  <datafield tag="500" ind1=" " ind2=" ">
    <subfield code="a">En estoig</subfield>
  </datafield>
  <datafield tag="504" ind1=" " ind2=" ">
    <subfield code="a">Refer&#xE8;ncies bibliogr&#xE0;fiques</subfield>
  </datafield>
  <datafield tag="505" ind1="8" ind2=" ">
    <subfield code="a">Cont&#xE9;: Ofici -- Kiosk</subfield>
  </datafield>
  <datafield tag="650" ind1="0" ind2="7">
    <subfield code="a">Diaris</subfield>
    <subfield code="z">Catalunya</subfield>
    <subfield code="z">Barcelona</subfield>
    <subfield code="x">Hist&#xF2;ria</subfield>
    <subfield code="y">S. XX</subfield>
    <subfield code="2">lemac</subfield>
  </datafield>
  <datafield tag="650" ind1=" " ind2="7">
    <subfield code="a">Premsa</subfield>
    <subfield code="z">Catalunya</subfield>
    <subfield code="z">Barcelona</subfield>
    <subfield code="x">Hist&#xF2;ria</subfield>
    <subfield code="y">S. XX</subfield>
    <subfield code="2">lemac</subfield>
  </datafield>
  <datafield tag="650" ind1=" " ind2="7">
    <subfield code="a">Fotografia period&#xED;stica</subfield>
    <subfield code="z">Catalunya</subfield>
    <subfield code="z">Barcelona</subfield>
    <subfield code="x">Hist&#xF2;ria</subfield>
    <subfield code="y">S. XX</subfield>
    <subfield code="2">lemac</subfield>
  </datafield>
  <datafield tag="650" ind1="0" ind2="7">
    <subfield code="a">Premsa gr&#xE0;fica</subfield>
    <subfield code="z">Catalunya</subfield>
    <subfield code="z">Barcelona</subfield>
    <subfield code="x">Hist&#xF2;ria</subfield>
    <subfield code="y">S. XX</subfield>
    <subfield code="2">lemac</subfield>
  </datafield>
  <datafield tag="700" ind1="1" ind2=" ">
    <subfield code="a">Gonz&#xE1;lez, Pablo</subfield>
    <subfield code="q">(Gonz&#xE1;lez Morandi)</subfield>
  </datafield>
  <datafield tag="700" ind1="1" ind2=" ">
    <subfield code="a">Antebi, Andr&#xE9;s</subfield>
  </datafield>
  <datafield tag="700" ind1="1" ind2=" ">
    <subfield code="a">Ferr&#xE9;, Teresa</subfield>
  </datafield>
  <datafield tag="700" ind1="1" ind2=" ">
    <subfield code="a">Adam, Roger,</subfield>
    <subfield code="e">il.</subfield>
  </datafield>
  <datafield tag="710" ind1="1" ind2=" ">
    <subfield code="a">Barcelona (Catalunya).</subfield>
    <subfield code="b">Ajuntament</subfield>
  </datafield>
  <datafield tag="710" ind1="2" ind2=" ">
    <subfield code="a">Arxiu Nacional de Catalunya</subfield>
  </datafield>
  <datafield tag="942" ind1=" " ind2=" ">
    <subfield code="c">MON</subfield>
  </datafield>
  <datafield tag="999" ind1=" " ind2=" ">
    <subfield code="c">7068</subfield>
    <subfield code="d">7068</subfield>
  </datafield>
  <datafield tag="952" ind1=" " ind2=" ">
    <subfield code="0">0</subfield>
    <subfield code="1">0</subfield>
    <subfield code="4">0</subfield>
    <subfield code="7">0</subfield>
    <subfield code="a">CDMR</subfield>
    <subfield code="b">CDMR</subfield>
    <subfield code="d">2017-10-19</subfield>
    <subfield code="e">Intercanvi</subfield>
    <subfield code="g">40.00</subfield>
    <subfield code="l">0</subfield>
    <subfield code="p">CDMR17101618</subfield>
    <subfield code="r">2017-10-19</subfield>
    <subfield code="v">40.00</subfield>
    <subfield code="w">2017-10-19</subfield>
    <subfield code="y">MON</subfield>
  </datafield>
</record>
